Представление документа в формате RUSMARC

ПолеНазваниеЗначение
  Тип записи c
  Библиографический уровень m
001 Контрольный номер UONB/MAIN/fbf12c8c6c3e478892d651e7b2d85966
005 Дата корректировки 20240717145935.7
010 Индекс ISBN __
9 Тираж 25000 экз.
013 Номер (ISMN) __
d Цена 34 к.
071 Издательские номер (звукозапись и ноты) 21
a Номер, присвоенный агентством 9524
100 Данные общей обработки __
a Данные общей обработки 20230413d1976 u y0rusy0189 ca
101 Язык документа 0_
a Язык текста rus
f Язык титульного листа rus
102 Страна публикации __
a Страна публикации RU
125 Кодированные данные звукозаписи и нотных изданий __
a Форма изложения нотного текста с
128 Кодированные данные (звукозаписи-физические характеристики) __
a Кодированные данные: Музыкальная форма и тональность или лад sg
c Инструменты или голоса, рекомендуемые для солистов (устаревшее) vu
200 Заглавие и сведения об ответственности 1_
a Заглавие Радуга
e Сведения, относящиеся к заглавию песни из репертуара В. Толкуновой
e Сведения, относящиеся к заглавию [для баяна с надписанным текстом и для голоса без сопровождения]
f Первые сведения об ответственности составитель Б. Фиготин
g Последующие сведения об ответственности переложение для баяна О. Дымова
203 Вид содержания и тип средства __
a Вид содержания Музыка
b Характеристика содержания знаковая
c Тип средства непосредственная
210 Выходные данные 1_
a Место издания Москва
c Издательство Музыка
d Дата издания 1976
215 Физическое описание __
a Объем 56 с.
d Формат 21 см
225 Серия 1_
a Серия Популярные песни в сопровождении баяна
v Обозначение тома [вып.] 108
327 Примечание о содержании 11
a Примечание о содержании Содерж. : Аедоницкий П. Серебряные свадьбы / сл. Е. Шевелевой. - Катаев И. Я ночью шла по улице ; Стою на полустаночке : из телеспектакля "День за днем" / сл. М. Анчарова. - Фельцман О. Старые слова : из кф. "Это сильнее меня" / сл. Р. Рождественского. - Флярковский А. Радуга : из кф. "Здравствуйте, доктор!" / сл. М. Танича. - Мигуля В. Поговори со мною, мама / сл. В. Гина. - Ветров В. Косынка / сл. О. Фокиной. - Как по морю ; Мы на лодочке катались : рус. нар. песни. - Минков М. Деревянные лошадки : из телеспектакля "Ребята с нашего двора" / сл. Э. Шима. - Фельцман О. За что же счастье мне такое? / сл. Н. Доризо. - Богословский Н. Настя / сл. К. Ваншенкина. - Успенский В. Не судите меня / сл. М. Осташовой. - Морозов А. Не говорите мне о нем / сл. В. Гина. - Бабаджанян А. Пушинка белая : из кф. "Невеста с Севера" / сл. А. Вознесенского.
464 Аналитический уровень _0
1 700 1
a Аедоницкий
b П.
1 702 1
a Шевелева
b Е.
4 520
1 2001
a Серебряные свадьбы
1 036
t Возможно, мы обряды знаем слабо...
464 Аналитический уровень _0
1 700 1
a Катаев
b И.
1 702 1
a Анчаров
b М.
4 520
1 2001
a Я ночью шла по улице
e из телеповести "День за днем"
1 036
t Я ночью шла по улице...
1 50010
a День за днем
i Я ночью шла по улице
464 Аналитический уровень _0
1 700 1
a Катаев
b И.
1 702 1
a Анчаров
b М.
4 520
1 2001
a Стою на полустаночке
e из телеспектакля "День за днем"
1 036
t Стою на полустаночке...
1 50010
a День за днем
i Стою на полустаночке
464 Аналитический уровень _0
1 700 1
a Фельцман
b О.
1 702 1
a Рождественский
b Р.
4 520
1 2001
a Старые слова
e из кф. "Это сильнее меня"
1 036
t Три слова, будто три огня...
1 50010
a Это сильнее меня
i Старые слова
464 Аналитический уровень _0
1 700 1
a Флярковский
b А.
1 702 1
a Танич
b М.
4 520
1 2001
a Радуга
e из кф. "Здравствуйте, доктор!"
1 036
t А ты любви моей не понял...
1 50010
a Здравствуйте, доктор!
i Радуга
464 Аналитический уровень _0
1 700 1
a Мигуля
b В.
1 702 1
a Гин
b В.
4 520
1 2001
a Поговори со мною, мама
1 036
t Давно ли песни ты мне пела...
464 Аналитический уровень _0
1 700 1
a Ветров
b В.
1 702 1
a Фокина
b О.
4 520
1 2001
a Косынка
1 036
t Отгорела косынка...
464 Аналитический уровень _0
1 2001
a Как по морю
e рус. нар. песня
1 036
t Как по морю, морю синему...
464 Аналитический уровень _0
1 2001
a Мы на лодочке катались
e рус. нар. песня
1 036
t Мы на лодочке катались...
464 Аналитический уровень _0
1 700 1
a Минков
b М.
1 702 1
a Шим
b Э.
4 520
1 2001
a Деревянные лошадки
e из телеспектакля "Ребята с нашего двора"
1 036
t Ускакали деревянные лошадки...
1 50010
a Ребята с нашего двора
i Деревянные лошадки
464 Аналитический уровень _0
1 700 1
a Фельцман
b О.
1 702 1
a Доризо
b Н.
4 520
1 2001
a За что же счастье мне такое?
1 036
t За что же счастье мне такое?..
464 Аналитический уровень _0
1 700 1
a Богословский
b Н.
1 702 1
a Ваншенкин
b К.
4 520
1 2001
a Настя
1 036
t Хоть в дому висит подкова на счастье...
464 Аналитический уровень _0
1 700 1
a Успенский
b В.
1 702 1
a Осташова
b М.
4 520
1 2001
a Не судите меня
1 036
t Не судите меня, девки...
464 Аналитический уровень _0
1 700 1
a Морозов
b А.
1 702 1
a Гин
b В.
4 520
1 2001
a Не говорите мне о нем
1 036
t Не говорите мне о нем, не говорите...
464 Аналитический уровень _0
1 700 1
a Бабаджанян
b А.
1 702 1
a Вознесенский
b А.
4 520
1 2001
a Пушинка белая
e из кф. "Невеста с Севера"
1 036
t Ах, тополиный пух...
1 50010
a Невеста с Севера
i Пушинка белая
512 Заглавие обложки 1_
a Заглавие обложки Радуга
606 Тематические рубрики 0_
a Основная рубрика Баян
x Основная подрубрика Массовые песни
x Основная подрубрика Песни советских композиторов
x Основная подрубрика Песни из репертуара
610 Ключевые слова 0_
a Ключевые слова баян; сольное пение; массовые песни; песни советских композиторов; песни из репертуара; Толкунова В. В.
686 Индексы других классификаций __
a Классификационный индекс 85.943.4-46я43
a Классификационный индекс 85.943,8
2 Код системы rubbk
702 Вторичная интеллектуальная ответственность _1
a Фамилия Фиготин
b Имя (инициалы) Б. С.
g Полное личное имя Борис Семёнович
4 Код отношения 220
702 Вторичная интеллектуальная ответственность _1
a Фамилия Дымов
b Имя (инициалы) О. Я.
g Полное личное имя Олег Яковлевич
4 Код отношения 030
702 Вторичная интеллектуальная ответственность _1
a Фамилия Толкунова
b Имя (инициалы) В. В.
g Полное личное имя Валентина Васильевна
4 Код отношения 590
801 Источник записи _0
a Страна RU
b Организация Ульяновская ОНБ
c Дата составления 20230413
g Правила каталогизации RCR
801 Источник записи _1
a Страна RU
b Организация Ульяновская ОНБ
c Дата составления 20230413
g Правила каталогизации RCR
901 Тип документа __
t Тип документа m
909 Создатель записи __
a Создатель записи Грязнова И. Е.